Introduction to genetic engineering / (Record no. 21805)

MARC details
000 -LEADER
fixed length control field 00882pam a2200253 a 4500
001 - CONTROL NUMBER
control field 2942999
003 - CONTROL NUMBER IDENTIFIER
control field OSt
005 - DATE AND TIME OF LATEST TRANSACTION
control field 20211208111954.0
008 - FIXED-LENGTH DATA ELEMENTS--GENERAL INFORMATION
fixed length control field 901130s1991 maua b 001 0 eng
010 ## - LIBRARY OF CONGRESS CONTROL NUMBER
LC control number 90026127
020 ## - INTERNATIONAL STANDARD BOOK NUMBER
International Standard Book Number 075069114X (acidfree paper)
040 ## - CATALOGING SOURCE
Original cataloging agency DLC
Transcribing agency HU
Modifying agency DLC
050 00 - LIBRARY OF CONGRESS CALL NUMBER
Classification number QH442
Item number .S65 1991
082 00 - DEWEY DECIMAL CLASSIFICATION NUMBER
Classification number 575.1/0724
Edition number 20
100 1# - MAIN ENTRY--PERSONAL NAME
Personal name Sofer, William H.
9 (RLIN) 22097
245 10 - TITLE STATEMENT
Title Introduction to genetic engineering /
Statement of responsibility, etc. William H. Sofer.
260 ## - PUBLICATION, DISTRIBUTION, ETC.
Place of publication, distribution, etc. Boston :
Name of publisher, distributor, etc. Butterworth-Heinemann,
Date of publication, distribution, etc. c1991.
300 ## - PHYSICAL DESCRIPTION
Extent ix, 160 p. :
Other physical details ill. ;
Dimensions 26 cm.
504 ## - BIBLIOGRAPHY, ETC. NOTE
Bibliography, etc. note Includes bibliographical references (p. [151]-152) and index.
650 #0 - SUBJECT ADDED ENTRY--TOPICAL TERM
Topical term or geographic name entry element Genetic engineering.
9 (RLIN) 2330
906 ## - LOCAL DATA ELEMENT F, LDF (RLIN)
a 7
b cbc
c orignew
d 1
e ocip
f 19
g y-gencatlg
942 ## - ADDED ENTRY ELEMENTS (KOHA)
Source of classification or shelving scheme Dewey Decimal Classification
Koha item type Books like text book referance book
Suppress in OPAC No
Holdings
Withdrawn status Lost status Source of classification or shelving scheme Damaged status Not for loan Collection code Home library Current library Shelving location Date acquired Total Checkouts Full call number Barcode Date last seen Copy number Price effective from Koha item type
    Dewey Decimal Classification     Non-fiction Wondo Genet Library Wondo Genet Library General Stacks 12/08/2021   575.1/0724 WGCFNRL00009112 12/08/2021 1 12/08/2021 Books like text book referance book